| 000 | 01445cam a2200385 a 4500 | ||
|---|---|---|---|
| 001 | 4995893 | ||
| 003 | OSt | ||
| 005 | 20140310184423.0 | ||
| 008 | 990504s1999 nyua j 000 1 eng | ||
| 010 | _a 99032932 | ||
| 020 | _a0439209110 | ||
| 040 |
_aDLC _cDLC _dDLC |
||
| 042 | _alcac | ||
| 050 | 0 | 0 |
_aPZ 10.3 _b.G316 2001 |
| 100 | 1 |
_aGeorge, Jean Craighead, _d1919- _926862 |
|
| 245 | 1 | 0 |
_aFrightful's mountain / _cwritten and illustrated by Jean Craighead George ; with a foreword by Robert F. Kennedy, Jr. |
| 250 | _a1st ed. | ||
| 260 |
_aNew York : _bScholastic Inc., _c2001. |
||
| 300 |
_a258 p. : _bill. ; _c21 cm. |
||
| 521 | _aG4 | ||
| 526 | _c650 | ||
| 650 | 0 |
_aPeregrine falcon _vJuvenile fiction. _926863 |
|
| 650 | 1 |
_aPeregrine falcon _vFiction. _926864 |
|
| 650 | 1 |
_aFalcons _vFiction. _926865 |
|
| 650 | 1 |
_aWildlife conservation _vFiction. _926866 |
|
| 651 | 1 |
_aNew York (State) _vFiction. _926867 |
|
| 856 | 4 | 2 |
_3Publisher description _uhttp://www.loc.gov/catdir/enhancements/fy1207/99032932-d.html |
| 856 | 4 | 1 |
_3Sample text _uhttp://www.loc.gov/catdir/enhancements/fy1207/99032932-s.html |
| 906 |
_a7 _bcbc _corignew _d1 _eocip _f19 _gy-gencatlg |
||
| 942 |
_2lcc _cBK-SCHOLAS |
||
| 999 |
_c34287 _d34287 |
||